The year of the jubilee. (Record no. 13013)

000 -LEADER
fixed length control field 00542nam a2200181 a 4500
001 - CONTROL NUMBER
control field :::00010831$&:&@@
003 - CONTROL NUMBER IDENTIFIER
control field OkBaRHE
005 - DATE AND TIME OF LATEST TRANSACTION
control field 20000607103403.0
008 - FIXED-LENGTH DATA ELEMENTS--GENERAL INFORMATION
fixed length control field s1967 j 000 0 eng u
040 ## - CATALOGING SOURCE
Transcribing agency
100 1# - MAIN ENTRY--PERSONAL NAME
Personal name Osterhouse, Dorotha.
245 14 - TITLE STATEMENT
Title The year of the jubilee.
260 ## - PUBLICATION, DISTRIBUTION, ETC. (IMPRINT)
Place of publication, distribution, etc New York, NY., :
Name of publisher, distributor, etc Carlton Press, Inc.
Date of publication, distribution, etc c1967
300 ## - PHYSICAL DESCRIPTION
Extent 40 p. ;
Dimensions 21 cm.
650 ## - SUBJECT ADDED ENTRY--TOPICAL TERM
Topical term or geographic name as entry element Christian Life
942 ## - ADDED ENTRY ELEMENTS (KOHA)
Source of classification or shelving scheme
Koha item type Books
Copies
Withdrawn status Date last seen Lost status Price effective from Shelving location Date acquired Copy number Full call number Not for loan Source of classification or shelving scheme Barcode Damaged status Permanent Location Koha item type
 2010-04-14 2010-04-14General Stacks2010-04-141BV 4501.2 .O782  10831 RHEMA Bible Training CollegeBooks